Fundamentals of tribology / (رقم التسجيلة. 35518)

تفاصيل مارك
000 -الفاتح
حقل البيانات ثابتة الطول 01041cam a22003257a 4500
001 - رقم الضبط
رقم الضبط 15690900
003 - محدد رقم الضبط
رقم الضبط OSt
005 - وقت وتاريخ اخر تعامل مع التسجيلة
رقم الضبط 20150408114222.0
008 - عناصر البيانات ثابتة الطول - معلومات عامة
حقل البيانات ثابتة الطول 090407s2008 enka b 001 0 eng
010 ## - رقم ضبط مكتبة الكونجرس
رقم ضبط مكتبة الكونجرس 2009417218
015 ## - رقم الببليوجرافية الوطنية
رقم الببليوجرافية الوطنية GBA8C7759
المصدر bnb
016 7# - رقم ضبط الوكاله الوطنية للضبط الببليوجرافي
رقم ضبط التسجيلة 014791063
المصدر Uk
020 ## - الرقم الدولى المعيارى للكتب
الرقم الدولى المعيارى للكتاب 9781848161849
020 ## - الرقم الدولى المعيارى للكتب
الرقم الدولى المعيارى للكتاب 1848161840
035 ## - رقم ضبط النظام
رقم ضبط النظام (OCoLC)ocn271771133
040 ## - مصدر الفهرسة
وكالة الفهرسة الأصلية UKM
وكالة النسخ UKM
وكالة التعديل CUD
-- IAY
-- DLC
042 ## - رمز التحقق
رمز التحقق ukblsr
-- lccopycat
050 00 - رقم طلب مكتبة الكونجرس
رقم التصنيف TJ1075
رقم المادة .G635 2008
082 04 - رقم تصنيف ديوى العشرى
رقم التصنيف 621.89
رقم الطبعة 22
رقم المادة GRF
100 1# - المدخل الرئيسى - إسم شخصى
الإسم الشخصى Gohar, R.
الشكل الأكمل للاسم (Ramsey),
التواريخ المصاحبة للاسم 1928-
9 (RLIN) 46122
245 10 - بيان العنوان
العنوان Fundamentals of tribology /
بيان المسئوليه,etc R. Gohar, H. Rahnejat.
260 ## - PUBLICATION, DISTRIBUTION, ETC. (IMPRINT)
مكان الناشر او الموزع London :
اسم الناشر او الموزع Imperial College Press,
تاريخ النشر أو التوزيع c2008.
300 ## - الوصف المادى
التعداد xxvi, 391 p. :
تفاصيل ماديه اخرى للوعاء ill. ;
أبعاد الوعاء 24 cm.
504 ## - تبصرة ببليوجرافية
تبصرة ببليوجرافية,الخ Includes bibliographical references and index.
650 #0 - المدخل الاضافى بالموضوع-مصطلح موضوعى
مصطلح موضوعي أو اسم جغرافي كعنصر مدخل Tribology.
9 (RLIN) 11975
700 1# - المدخل الاضافى - اسم شخصى
الإسم الشخصى Rahnejat, Homer.
9 (RLIN) 46123
906 ## - عنصر بيانات محلى F, LDF (RLIN)
a 7
b cbc
c copycat
d 2
e ncip
f 20
g y-gencatlg
942 ## - عناصر المدخل الإضافي( كوها)
مصدر التصنيف او مخطط الترفيف Dewey Decimal Classification
Koha [default] item type كتاب
المقتنيات
حالة الفقد نموذج السعر الفعال حالة تلف ليس للاعارة رقم الطلب تاريخ الاكتساب الموقع الحالي الباركود الفرع الرئيسي Date last seen نوع المادة فى نظام كوها مصدر التصنيف او خطة الترفيف Total Checkouts
  2014-07-08     621.89 GRF 2014-07-08 المكتبة المركزية بالمجمعة (CL) 00652963 المكتبة المركزية بالمجمعة (CL) 2014-07-08 كتاب Dewey Decimal Classification  
  2014-07-08     621.89 GRF 2014-07-08 المكتبة المركزية بالمجمعة (CL) 00652964 المكتبة المركزية بالمجمعة (CL) 2014-07-08 كتاب Dewey Decimal Classification  
  2014-07-08     621.89 GRF 2014-07-08 المكتبة المركزية بالمجمعة (CL) 00652965 المكتبة المركزية بالمجمعة (CL) 2014-07-08 كتاب Dewey Decimal Classification  
  2014-07-08     621.89 GRF 2014-07-08 مكتبة مجمع الكليات بالزلفى - طلاب (SZM) 00652966 مكتبة مجمع الكليات بالزلفى - طلاب (SZM) 2014-07-08 كتاب Dewey Decimal Classification  
  2014-07-08     621.89 GRF 2014-07-08 مكتبة مجمع الكليات بالزلفى - طلاب (SZM) 00652967 مكتبة مجمع الكليات بالزلفى - طلاب (SZM) 2014-07-08 كتاب Dewey Decimal Classification